[Event "DLM 2007"]
[Site "Verden/Aller GER"]
[Date "2007.10.02"]
[Round "6"]
[White "Pfeiffer, Daniel"]
[Black "Marquardt, Patrick"]
[Result "0-1"]
[Termination "normal"]
[Board "2.7"]
[WhiteElo "1726"]
[BlackElo "1768"]
[WhiteTeam "Hamburg"]
[BlackTeam "Württemberg"]
[PlyCount "98"]
[WhiteFideId "24641960"]
[BlackFideId "4670086"]
[EventCountry "GER"]
[EventRounds "7"]
[EventType "team-swiss"]
[EventDate "2007.09.28"]

1. e4 c5 2. Nf3 a6 3. c3 d5 4. exd5 Qxd5 5. d4 Bg4 6. Be2 Nc6 7. Be3 cxd4 8.
cxd4 Nf6 9. Nc3 Qd7 10. d5 Bxf3 11. Bxf3 Ne5 12. Rc1 Nc4 13. b3 Nxe3 14. fxe3
e6 15. dxe6 Qxe6 16. Qe2 Bb4 17. O-O O-O 18. Bxb7 Ra7 19. Bf3 Bc5 20. Nd1 Qb6
21. Kh1 Re7 22. e4 Rfe8 23. Nc3 Bd4 24. Na4 Qa7 25. Qc4 Nxe4 26. Bxe4 Rxe4 27.
Nc5 Bxc5 28. Qxc5 Qxc5 29. Rxc5 f6 30. Ra5 R8e6 31. h3 Re2 32. Kg1 Rd2 33. Ra1
Ree2 34. Rxa6 Rxg2+ 35. Kf1 Rdf2+ 36. Ke1 Rf3 37. Rd1 Rxh3 38. Kf1 Rb2 39. Kg1
Rg3+ 40. Kf1 h5 41. Rd8+ Kh7 42. Raa8 Rc3 43. Rd1 h4 44. Kg1 h3 45. Ra5 g5 46.
Ra7+ Kg6 47. Ra8 Rcc2 48. Rh8 Rg2+ 49. Kf1 h2 0-1

[Event "DLM 2007"]
[Site "Verden/Aller GER"]
[Date "2007.10.02"]
[Round "6"]
[White "Schäfer, Daniela"]
[Black "Ludwig, Maria"]
[Result "1-0"]
[Termination "normal"]
[Board "2.8"]
[WhiteElo "1569"]
[BlackElo "754"]
[WhiteTeam "Württemberg"]
[BlackTeam "Hamburg"]
[PlyCount "61"]
[WhiteFideId "4624769"]
[BlackFideId "24655791"]
[EventCountry "GER"]
[EventRounds "7"]
[EventType "team-swiss"]
[EventDate "2007.09.28"]

1. e4 e5 2. Nf3 Nc6 3. Bb5 Nf6 4. O-O Bc5 5. c3 d6 6. d4 exd4 7. cxd4 Bb6 8. d5
Bd7 9. dxc6 bxc6 10. Bd3 O-O 11. Bg5 Bg4 12. h3 Bh5 13. Nc3 Bd4 14. g4 Qd7 15.
Nxd4 c5 16. Nf5 Qc6 17. Ne7+ Kh8 18. Nxc6 Rae8 19. gxh5 Re6 20. Bc4 d5 21. exd5
Rd6 22. Nb5 Rd7 23. h6 Ne8 24. hxg7+ Nxg7 25. Bf6 Re8 26. Qg4 Rg8 27. Qxd7 Rf8
28. Qg4 Rg8 29. Ne7 a6 30. Nxg8 Kxg8 31. Qxg7# 1-0

[Event "DLM 2007"]
[Site "Verden/Aller GER"]
[Date "2007.10.02"]
[Round "6"]
[White "Siebarth, Raiko"]
[Black "Hoffmann, Udo"]
[Result "1/2-1/2"]
[Termination "normal"]
[Board "3.1"]
[WhiteElo "2182"]
[BlackElo "2218"]
[WhiteTeam "Thüringen"]
[BlackTeam "Nordrhein-Westfalen"]
[PlyCount "54"]
[WhiteFideId "4674766"]
[BlackFideId "24605735"]
[EventCountry "GER"]
[EventRounds "7"]
[EventType "team-swiss"]
[EventDate "2007.09.28"]

1. Nc3 d5 2. e4 dxe4 3. Nxe4 Bf5 4. Qf3 Qd5 5. Nd6+ Qxd6 6. Qxf5 Nc6 7. Nf3 e6
8. Qb5 O-O-O 9. d3 f6 10. Bd2 Qd5 11. Qxd5 exd5 12. O-O-O Bc5 13. Be3 d4 14.
Bd2 Nge7 15. g3 Ng6 16. Bh3+ Kb8 17. Rde1 Nce5 18. Nxe5 Nxe5 19. Bg2 Rde8 20.
h3 c6 21. Kd1 Nf7 22. f4 f5 23. g4 Nh6 24. Bf3 g6 25. Rhg1 Bd6 26. gxf5 Nxf5
27. Be4 Ne3+ 1/2-1/2

[Event "DLM 2007"]
[Site "Verden/Aller GER"]
[Date "2007.10.02"]
[Round "6"]
[White "Rehberg, Raphael"]
[Black "Schneider, Christian"]
[Result "1/2-1/2"]
[Termination "normal"]
[Board "3.2"]
[WhiteElo "2237"]
[BlackElo "2081"]
[WhiteTeam "Nordrhein-Westfalen"]
[BlackTeam "Thüringen"]
[PlyCount "64"]
[WhiteFideId "4686799"]
[BlackFideId "24613886"]
[EventCountry "GER"]
[EventRounds "7"]
[EventType "team-swiss"]
[EventDate "2007.09.28"]

1. e4 c6 2. d3 d5 3. Nd2 e6 4. Ngf3 Nf6 5. g3 Be7 6. Bg2 O-O 7. O-O c5 8. e5
Nfd7 9. Re1 Nc6 10. Nf1 Rb8 11. h4 Qc7 12. Bf4 b5 13. N1h2 Nb6 14. Ng4 Qd8 15.
c3 Bb7 16. Ng5 Nd7 17. Nh2 b4 18. Bh3 Bxg5 19. Bxg5 Qc7 20. Bf4 bxc3 21. bxc3
d4 22. c4 Ne7 23. h5 Qc6 24. f3 Ba8 25. Qc2 Rb4 26. a3 Rb6 27. Bg5 Nf5 28. Bxf5
exf5 29. Bf4 Re8 30. h6 g6 31. Rab1 Nf8 32. Rxb6 axb6 1/2-1/2

[Event "DLM 2007"]
[Site "Verden/Aller GER"]
[Date "2007.10.02"]
[Round "6"]
[White "Hannes, Diana"]
[Black "Tkachuk, Konstantyn"]
[Result "0-1"]
[Termination "time forfeit"]
[Board "3.3"]
[WhiteElo "2036"]
[BlackElo "2141"]
[WhiteTeam "Thüringen"]
[BlackTeam "Nordrhein-Westfalen"]
[PlyCount "78"]
[WhiteFideId "24611344"]
[BlackFideId "24647330"]
[EventCountry "GER"]
[EventRounds "7"]
[EventType "team-swiss"]
[EventDate "2007.09.28"]

1. e4 e5 2. Bc4 Nf6 3. d3 Nc6 4. Nf3 Bc5 5. c3 d6 6. Bb3 O-O 7. Nbd2 d5 8. Qe2
Re8 9. Nf1 dxe4 10. dxe4 Be6 11. Bxe6 Rxe6 12. Ng3 g6 13. O-O Bf8 14. b4 h6 15.
Be3 Qe8 16. Rad1 a6 17. h3 Rd8 18. Rxd8 Qxd8 19. Rd1 Rd6 20. Rxd6 Qxd6 21. Qd2
Qxd2 22. Nxd2 Nd7 23. Ne2 f6 24. Nc1 Kf7 25. Nd3 Ke6 26. Nb3 b6 27. f3 f5 28.
exf5+ gxf5 29. a3 Ne7 30. c4 Ng6 31. Kf2 f4 32. Bc1 Kf5 33. g3 fxg3+ 34. Kxg3
h5 35. Be3 Nf4 36. Nd4+ exd4 37. Bxf4 c5 38. Bc7 b5 39. cxb5 axb5 0-1

[Event "DLM 2007"]
[Site "Verden/Aller GER"]
[Date "2007.10.02"]
[Round "6"]
[White "Kotainy, Jens"]
[Black "Jacobi, Robin"]
[Result "1-0"]
[Termination "normal"]
[Board "3.4"]
[WhiteElo "2032"]
[BlackElo "2006"]
[WhiteTeam "Nordrhein-Westfalen"]
[BlackTeam "Thüringen"]
[PlyCount "45"]
[WhiteFideId "24670499"]
[BlackFideId "24646962"]
[EventCountry "GER"]
[EventRounds "7"]
[EventType "team-swiss"]
[EventDate "2007.09.28"]

1. e4 c5 2. c3 d5 3. exd5 Qxd5 4. d4 cxd4 5. cxd4 Nc6 6. Nf3 e5 7. Nc3 Bb4 8.
Bd2 Bxc3 9. Bxc3 e4 10. Nd2 Nf6 11. Bc4 Qg5 12. d5 Qxg2 13. Rf1 e3 14. fxe3
Nxd5 15. Qb3 Nxe3 16. Bxf7+ Kd8 17. Ba5+ Nxa5 18. Qxe3 Nc6 19. O-O-O Bg4 20.
Nc4+ Kc7 21. Qf4+ Kc8 22. Rg1 Qf3 23. Be6+ 1-0

[Event "DLM 2007"]
[Site "Verden/Aller GER"]
[Date "2007.10.02"]
[Round "6"]
[White "Tischer, Jana"]
[Black "Blübaum, Johanna"]
[Result "1-0"]
[Termination "normal"]
[Board "3.5"]
[WhiteElo "1863"]
[BlackElo "1946"]
[WhiteTeam "Thüringen"]
[BlackTeam "Nordrhein-Westfalen"]
[PlyCount "43"]
[WhiteFideId "24617164"]
[BlackFideId "24647373"]
[EventCountry "GER"]
[EventRounds "7"]
[EventType "team-swiss"]
[EventDate "2007.09.28"]

1. e4 e6 2. d4 d5 3. Nc3 Nf6 4. Bg5 dxe4 5. Nxe4 Be7 6. Nxf6+ Bxf6 7. Bxf6 Qxf6
8. Bd3 c5 9. c3 cxd4 10. cxd4 O-O 11. Nf3 b6 12. Be4 Qf4 13. Bxa8 Ba6 14. Qd2
Qg4 15. Ne5 Qf5 16. Rc1 h5 17. Qe3 Qh7 18. Be4 f5 19. Bd3 Bb7 20. O-O Nd7 21.
Nxd7 Qg6 22. Qg3 1-0

[Event "DLM 2007"]
[Site "Verden/Aller GER"]
[Date "2007.10.02"]
[Round "6"]
[White "Neumair, Jerome"]
[Black "Pältz, Sebastian"]
[Result "1-0"]
[Termination "normal"]
[Board "3.6"]
[WhiteElo "1909"]
[BlackElo "1798"]
[WhiteTeam "Nordrhein-Westfalen"]
[BlackTeam "Thüringen"]
[PlyCount "61"]
[WhiteFideId "24672637"]
[BlackFideId "24648027"]
[EventCountry "GER"]
[EventRounds "7"]
[EventType "team-swiss"]
[EventDate "2007.09.28"]

1. c4 e6 2. Nc3 d5 3. cxd5 exd5 4. d4 c6 5. Qc2 Bd6 6. Nf3 Ne7 7. e3 Bf5 8. Bd3
Bg6 9. Bd2 Nd7 10. Rc1 Nf6 11. O-O O-O 12. Rb1 Qc7 13. Rfc1 a6 14. Bxg6 fxg6
15. h3 Rae8 16. b4 Nf5 17. a4 Ne4 18. Nxd5 Qd8 19. Nc3 Nxc3 20. Qxc3 Bg3 21.
fxg3 Nxg3 22. Qc4+ Kh8 23. Re1 Ne4 24. Qe2 Ng3 25. Qd1 Ne4 26. Rb2 Rf7 27. Ne5
Rf2 28. Bc1 Qh4 29. Rf1 Ref8 30. Rfxf2 Rxf2 31. Qg4 1-0

[Event "DLM 2007"]
[Site "Verden/Aller GER"]
[Date "2007.10.02"]
[Round "6"]
[White "Urban, Lars"]
[Black "Strößner, Lena"]
[Result "0-1"]
[Termination "normal"]
[Board "3.7"]
[WhiteElo "1467"]
[BlackElo "1744"]
[WhiteTeam "Thüringen"]
[BlackTeam "Nordrhein-Westfalen"]
[PlyCount "24"]
[WhiteFideId "4644034"]
[BlackFideId "4623525"]
[EventCountry "GER"]
[EventRounds "7"]
[EventType "team-swiss"]
[EventDate "2007.09.28"]

1. c4 e6 2. d4 d5 3. Nc3 c6 4. cxd5 exd5 5. Bf4 Nf6 6. e3 Bf5 7. Nf3 Nbd7 8. h3
Be7 9. g4 Bg6 10. Nh4 Ne4 11. Nxe4 Bxe4 12. Ng2 Qa5+ 0-1

[Event "DLM 2007"]
[Site "Verden/Aller GER"]
[Date "2007.10.02"]
[Round "6"]
[White "Rozenfeld, Elisabeth"]
[Black "Schätz, Bianca"]
[Result "1-0"]
[Termination "normal"]
[Board "3.8"]
[WhiteElo "1491"]
[BlackElo "1108"]
[WhiteTeam "Nordrhein-Westfalen"]
[BlackTeam "Thüringen"]
[PlyCount "113"]
[WhiteFideId "4624742"]
[BlackFideId "24655821"]
[EventCountry "GER"]
[EventRounds "7"]
[EventType "team-swiss"]
[EventDate "2007.09.28"]

1. e4 e5 2. Nf3 Nc6 3. d4 exd4 4. Nxd4 Nf6 5. Nc3 Bb4 6. Nxc6 bxc6 7. Bd3 O-O
8. Bg5 Be7 9. Qd2 d6 10. O-O-O a5 11. h4 a4 12. a3 Be6 13. h5 Rb8 14. f4 h6 15.
Bh4 Qc8 16. e5 dxe5 17. fxe5 Nd5 18. Nxd5 Bxh4 19. Rxh4 cxd5 20. Rxa4 c5 21.
Be2 d4 22. Bc4 Bxc4 23. Rxc4 Rb5 24. Qf4 Qb8 25. b3 f6 26. a4 fxe5 27. Qd2 Qa8
28. Qe2 Ra5 29. Qxe5 Re8 30. Qc7 Ra7 31. Qxc5 Rae7 32. Qxd4 Qxg2 33. Qd5+ Qxd5
34. Rxd5 Re1+ 35. Kb2 Rg1 36. Rcc5 g5 37. hxg6 Rxg6 38. a5 Rb8 39. Ka3 Ra6 40.
Ka4 Rg6 41. Rb5 Ra8 42. b4 Rg2 43. c4 Rf8 44. Rd1 Rf3 45. Rb8+ Rf8 46. Rxf8+
Kxf8 47. a6 Ke7 48. Kb5 h5 49. a7 Rg8 50. Kb6 h4 51. Ra1 h3 52. a8=Q Rxa8 53.
Rxa8 Kf6 54. Rh8 h2 55. Rxh2 Ke6 56. Rh5 Kf7 57. Rh6 1-0

[Event "DLM 2007"]
[Site "Verden/Aller GER"]
[Date "2007.10.02"]
[Round "6"]
[White "Holloway, Timo"]
[Black "Geske, Julian"]
[Result "1/2-1/2"]
[Termination "normal"]
[Board "4.1"]
[WhiteElo "2092"]
[BlackElo "2212"]
[WhiteTeam "Niedersachsen II"]
[BlackTeam "Hessen"]
[PlyCount "90"]
[WhiteFideId "24631426"]
[BlackFideId "24605263"]
[EventCountry "GER"]
[EventRounds "7"]
[EventType "team-swiss"]
[EventDate "2007.09.28"]

1. e4 e5 2. Nf3 Nc6 3. Bb5 a6 4. Ba4 Nf6 5. O-O Nxe4 6. d4 b5 7. Bb3 d5 8. dxe5
Be6 9. Be3 Be7 10. Nbd2 Nc5 11. c3 O-O 12. Bc2 Qc8 13. Bxc5 Bxc5 14. Nb3 Be7
15. Nbd4 Nxd4 16. Nxd4 c5 17. Nxe6 Qxe6 18. f4 f5 19. exf6 Rxf6 20. Qd3 g6 21.
Rae1 c4 22. Rxe6 cxd3 23. Rxf6 Bxf6 24. Bxd3 Re8 25. Kf2 Kg7 26. Rd1 d4 27. c4
bxc4 28. Bxc4 a5 29. Rd3 Rc8 30. Bb3 Rc1 31. Rd1 Rxd1 32. Bxd1 d3 33. b3 d2 34.
Ke2 Bc3 35. Kd3 Bb4 36. Kc4 Kf6 37. Bc2 g5 38. f5 h5 39. Kd4 h4 40. Ke4 Bd6 41.
Kd3 Kxf5 42. Kxd2+ Ke6 43. h3 Kd5 44. Kd3 Kc5 45. Bd1 Kb4 1/2-1/2

[Event "DLM 2007"]
[Site "Verden/Aller GER"]
[Date "2007.10.02"]
[Round "6"]
[White "Fink, Leander"]
[Black "Bradler, Stephan"]
[Result "1-0"]
[Termination "normal"]
[Board "4.2"]
[WhiteElo "2095"]
[BlackElo "1851"]
[WhiteTeam "Hessen"]
[BlackTeam "Niedersachsen II"]
[PlyCount "67"]
[WhiteFideId "24605247"]
[BlackFideId "24629367"]
[EventCountry "GER"]
[EventRounds "7"]
[EventType "team-swiss"]
[EventDate "2007.09.28"]

1. e4 c5 2. Nf3 Nc6 3. d4 cxd4 4. Nxd4 Nf6 5. Nc3 e5 6. Ndb5 d6 7. Bg5 a6 8.
Na3 b5 9. Nd5 Be7 10. Bxf6 Bxf6 11. c3 O-O 12. Nc2 Bg5 13. a4 bxa4 14. Rxa4 a5
15. Bc4 Rb8 16. Ra2 Kh8 17. Nce3 g6 18. h4 Bxe3 19. Nxe3 f5 20. h5 g5 21. Nxf5
Bxf5 22. exf5 Rxf5 23. O-O Ne7 24. Bd3 Rf6 25. Qg4 h6 26. Qe4 Rf7 27. Rfa1 Qb6
28. b4 axb4 29. cxb4 Qxb4 30. Ra8 Ng8 31. Rxb8 Qxb8 32. Ra8 Qc7 33. Qg6 Qc1+
34. Bf1 1-0

[Event "DLM 2007"]
[Site "Verden/Aller GER"]
[Date "2007.10.02"]
[Round "6"]
[White "Kyas, Marcel"]
[Black "Sergin, Mark"]
[Result "0-1"]
[Termination "normal"]
[Board "4.3"]
[WhiteElo "1952"]
[BlackElo "2070"]
[WhiteTeam "Niedersachsen II"]
[BlackTeam "Hessen"]
[PlyCount "118"]
[WhiteFideId "24642037"]
[BlackFideId "24615307"]
[EventCountry "GER"]
[EventRounds "7"]
[EventType "team-swiss"]
[EventDate "2007.09.28"]

1. e4 c5 2. Nf3 e6 3. d4 cxd4 4. Nxd4 Nc6 5. Nc3 Qc7 6. Be3 a6 7. Bd3 Nf6 8.
O-O Ne5 9. Nf3 Nfg4 10. Nxe5 Nxe3 11. Qh5 g6 12. Qf3 Qxe5 13. fxe3 f6 14. Qxf6
Qxf6 15. Rxf6 Bg7 16. Rf3 b5 17. a4 b4 18. Ne2 Bxb2 19. Rb1 Be5 20. Rxb4 Rb8
21. Rxb8 Bxb8 22. Nd4 Ke7 23. h3 g5 24. Kf2 h5 25. Ke2 g4 26. hxg4 hxg4 27. Rf1
Rh5 28. c3 Bg3 29. Rb1 Kd8 30. Rg1 Bb7 31. Kd2 Rh2 32. Ke2 Kc7 33. Nb3 Rh5 34.
Nd4 Re5 35. Kd2 Bxe4 36. Bxa6 Bf2 37. Rf1 g3 38. Rxf2 gxf2 39. Ke2 Bxg2 40.
Kxf2 Be4 41. Ke2 Rg5 42. Bc4 Rg2+ 43. Kd1 e5 44. Nb5+ Kb6 45. Bb3 Rb2 46. Bf7
Ka5 47. Nd6 Bd3 48. Bc4 Rb6 49. Bxd3 Rxd6 50. Kc2 Kxa4 51. e4 Rh6 52. Bc4 Rh2+
53. Kd3 Rh3+ 54. Kd2 Ka3 55. Bd5 Kb2 56. c4 d6 57. Be6 Rg3 58. Bf7 Ka3 59. Bd5
Kb4 0-1

[Event "DLM 2007"]
[Site "Verden/Aller GER"]
[Date "2007.10.02"]
[Round "6"]
[White "Aslan, Benjamin"]
[Black "Günnigmann, Manuel"]
[Result "1/2-1/2"]
[Termination "normal"]
[Board "4.4"]
[WhiteElo "1965"]
[BlackElo "1969"]
[WhiteTeam "Hessen"]
[BlackTeam "Niedersachsen II"]
[PlyCount "128"]
[WhiteFideId "24640298"]
[BlackFideId "24640360"]
[EventCountry "GER"]
[EventRounds "7"]
[EventType "team-swiss"]
[EventDate "2007.09.28"]

1. d4 Nf6 2. c4 c5 3. d5 b5 4. cxb5 a6 5. b6 e6 6. Nc3 Nxd5 7. Nxd5 exd5 8.
Qxd5 Nc6 9. Nf3 Rb8 10. e4 Be7 11. Bc4 O-O 12. O-O Rxb6 13. Ng5 Qe8 14. Qf5
Bxg5 15. Bxg5 d6 16. Qf3 Ne5 17. Qc3 Nxc4 18. Qxc4 Rxb2 19. Rad1 Rb4 20. Qc3
Qxe4 21. Rfe1 Qc4 22. Qxc4 Rxc4 23. Be7 Re8 24. Bxd6 Rxe1+ 25. Rxe1 Be6 26. Rb1
h6 27. h3 Rc2 28. Rb6 Bxa2 29. Rxa6 Rc1+ 30. Kh2 Be6 31. Kg3 Kh7 32. Bf4 Rh1
33. Be3 c4 34. Ra5 Rd1 35. Rc5 Rd6 36. Kf4 Rd1 37. Kg3 Kg8 38. Kf3 Kf8 39. Ke2
Rg1 40. Kf3 Ke7 41. h4 Kd6 42. g3 Re1 43. Ra5 Bd5+ 44. Kf4 Re2 45. Ra6+ Bc6 46.
Ra3 Bd5 47. Ra6+ Bc6 48. Ra3 Rc2 49. Bd4 g6 50. Rc3 Re2 51. Be3 Kd5 52. Rc1 Ra2
53. Rc3 Ra4 54. Bb6 Rb4 55. Bd8 Rb2 56. Ke3 Ba4 57. Bf6 Ra2 58. Rc1 Bc2 59. Ra1
Rxa1 60. Bxa1 Bd3 61. Bc3 h5 62. Kf4 Ke6 63. Bb2 f6 64. Bc3 Kf7 1/2-1/2

[Event "DLM 2007"]
[Site "Verden/Aller GER"]
[Date "2007.10.02"]
[Round "6"]
[White "Schreiner, Till"]
[Black "Göbel, Constantin"]
[Result "1-0"]
[Termination "normal"]
[Board "4.5"]
[WhiteElo "2003"]
[BlackElo "1846"]
[WhiteTeam "Niedersachsen II"]
[BlackTeam "Hessen"]
[PlyCount "53"]
[WhiteFideId "24675555"]
[BlackFideId "24647071"]
[EventCountry "GER"]
[EventRounds "7"]
[EventType "team-swiss"]
[EventDate "2007.09.28"]

1. d4 d5 2. c4 e6 3. Nc3 c6 4. e3 Nf6 5. Nf3 Bd6 6. Bd3 Nbd7 7. O-O O-O 8. e4
dxc4 9. Bxc4 e5 10. Bg5 exd4 11. Qxd4 Be7 12. e5 Nd5 13. Bxe7 Nxe7 14. e6 Nb6
15. exf7+ Kh8 16. Qxd8 Rxd8 17. Bb3 Ned5 18. Rfe1 Bf5 19. Nxd5 Nxd5 20. Bxd5
cxd5 21. Nd4 Bd7 22. Rac1 g6 23. Re7 Rac8 24. Rxc8 Rxc8 25. f8=Q+ Rxf8 26. Rxd7
Rc8 27. g3 1-0

[Event "DLM 2007"]
[Site "Verden/Aller GER"]
[Date "2007.10.02"]
[Round "6"]
[White "Mai, Felicitas"]
[Black "Schultheiß, Vera"]
[Result "1-0"]
[Termination "normal"]
[Board "4.7"]
[WhiteElo "1616"]
[BlackElo "1380"]
[WhiteTeam "Niedersachsen II"]
[BlackTeam "Hessen"]
[PlyCount "80"]
[WhiteFideId "4635345"]
[EventCountry "GER"]
[EventRounds "7"]
[EventType "team-swiss"]
[EventDate "2007.09.28"]

1. e4 e5 2. Nc3 Nf6 3. f4 d6 4. Bc4 Nc6 5. d3 Be6 6. Bb3 Nd4 7. Nge2 Nxb3 8.
axb3 exf4 9. Bxf4 Qd7 10. O-O Bg4 11. Qe1 Bxe2 12. Qxe2 Kd8 13. d4 Ne8 14. Rae1
c6 15. d5 f6 16. dxc6 bxc6 17. Rd1 Rb8 18. e5 fxe5 19. Bxe5 Rb4 20. Ne4 d5 21.
Ng5 Kc8 22. Rf7 Be7 23. Bc3 Rb7 24. Re1 Bc5+ 25. Kh1 Qd8 26. Qg4+ Kb8 27. Rxb7+
Kxb7 28. Nf7 Qb8 29. Nxh8 Nd6 30. Qxg7+ Kb6 31. b4 Bf2 32. Re2 Ne4 33. Bd4+
Bxd4 34. Qxd4+ Kb7 35. Nf7 Qf4 36. Nd6+ Kc7 37. Rxe4 Qf1+ 38. Qg1 Qxg1+ 39.
Kxg1 dxe4 40. Nxe4 Kb6 1-0

[Event "DLM 2007"]
[Site "Verden/Aller GER"]
[Date "2007.10.02"]
[Round "6"]
[White "Bluhm, Sonja"]
[Black "Flacke, Leonie"]
[Result "1-0"]
[Termination "normal"]
[Board "4.8"]
[WhiteElo "1346"]
[BlackElo "1052"]
[WhiteTeam "Hessen"]
[BlackTeam "Niedersachsen II"]
[PlyCount "51"]
[WhiteFideId "24654027"]
[EventCountry "GER"]
[EventRounds "7"]
[EventType "team-swiss"]
[EventDate "2007.09.28"]

1. e4 e5 2. Nf3 Nc6 3. Bb5 d6 4. d4 Bd7 5. O-O Nf6 6. Nc3 g6 7. Re1 Bg7 8. Bg5
h6 9. Be3 Qe7 10. Nd5 Nxd5 11. exd5 Nb4 12. Bc4 O-O 13. Qd2 a5 14. a3 Na6 15.
Bxh6 f6 16. Bxg7 Qxg7 17. Qxa5 b6 18. Qd2 Kf7 19. dxe5 fxe5 20. Ng5+ Ke7 21.
Ne6 Bxe6 22. dxe6 Rh8 23. Qg5+ Ke8 24. Bb5+ Kf8 25. Bxa6 Rxa6 26. Qd8# 1-0

[Event "DLM 2007"]
[Site "Verden/Aller GER"]
[Date "2007.10.02"]
[Round "6"]
[White "Rittemann, Steffen"]
[Black "Dietzen, Corinna"]
[Result "1-0"]
[Termination "normal"]
[Board "5.2"]
[WhiteElo "2072"]
[BlackElo "2034"]
[WhiteTeam "Mecklenburg-Vorpommern"]
[BlackTeam "Saarland"]
[PlyCount "87"]
[WhiteFideId "24620009"]
[BlackFideId "24621021"]
[EventCountry "GER"]
[EventRounds "7"]
[EventType "team-swiss"]
[EventDate "2007.09.28"]

1. e4 d6 2. Nc3 Nd7 3. f4 e5 4. Nf3 Ngf6 5. Bc4 Be7 6. O-O O-O 7. d3 c6 8. Kh1
Qc7 9. a4 a5 10. Qe1 Nc5 11. Be3 exf4 12. Bxf4 Be6 13. e5 Nd5 14. Bxd5 Bxd5 15.
Nxd5 cxd5 16. Qg3 Rfd8 17. Rae1 Ne6 18. exd6 Bxd6 19. Bxd6 Qxd6 20. Ne5 Rf8 21.
Qf3 f6 22. Ng4 Nc5 23. Ne3 Rae8 24. b3 d4 25. Nc4 Qd8 26. h4 Kh8 27. Qf5 b6 28.
h5 Rxe1 29. Rxe1 Nd7 30. Qe6 Ne5 31. Nd6 Qc7 32. Re2 h6 33. Nf5 Ng4 34. g3 Qb7+
35. Kg1 Qf3 36. Qe4 Ne5 37. Qxf3 Nxf3+ 38. Kg2 Ne5 39. Nxd4 Kh7 40. Nb5 Rf7 41.
d4 Nc6 42. Re6 Nb4 43. c3 Nd5 44. c4 1-0

[Event "DLM 2007"]
[Site "Verden/Aller GER"]
[Date "2007.10.02"]
[Round "6"]
[White "Wilhelm, Robin"]
[Black "Wolf, Christoph"]
[Result "1-0"]
[Termination "normal"]
[Board "5.5"]
[WhiteElo "1549"]
[BlackElo "1451"]
[WhiteTeam "Saarland"]
[BlackTeam "Mecklenburg-Vorpommern"]
[PlyCount "81"]
[WhiteFideId "4659627"]
[BlackFideId "24650633"]
[EventCountry "GER"]
[EventRounds "7"]
[EventType "team-swiss"]
[EventDate "2007.09.28"]

1. e4 d6 2. d4 Nf6 3. Nc3 Nbd7 4. Nf3 Nb6 5. h3 g6 6. Be3 Bg7 7. Bd3 c6 8. Ng5
h6 9. Nf3 Bd7 10. O-O O-O 11. Qd2 Kh7 12. Nh2 d5 13. e5 Ne8 14. f4 Qc8 15. g4
Rg8 16. f5 gxf5 17. Bxf5+ Bxf5 18. Rxf5 Nc4 19. Qd3 Nxb2 20. Qe2 f6 21. Raf1
Rh8 22. Bc1 Nc4 23. Qd3 Kg8 24. Rh5 Nc7 25. Qg6 Qe8 26. Qd3 fxe5 27. dxe5 Nxe5
28. Qg3 Nf7 29. Qxc7 Bxc3 30. Rhf5 Bf6 31. Qxb7 Nd6 32. Qb3 Nxf5 33. gxf5 Kf7
34. Ng4 Rg8 35. Qe3 Bg5 36. Qe6+ Kg7 37. Kh2 Qf7 38. Bb2+ Bf6 39. Nxf6 exf6 40.
Rg1+ Kf8 41. Ba3+ 1-0

[Event "DLM 2007"]
[Site "Verden/Aller GER"]
[Date "2007.10.02"]
[Round "6"]
[White "Baier, Christoph"]
[Black "Grewenig, Jan"]
[Result "1-0"]
[Termination "normal"]
[Board "5.6"]
[WhiteElo "1479"]
[BlackElo "1635"]
[WhiteTeam "Mecklenburg-Vorpommern"]
[BlackTeam "Saarland"]
[PlyCount "119"]
[WhiteFideId "24655759"]
[BlackFideId "4657330"]
[EventCountry "GER"]
[EventRounds "7"]
[EventType "team-swiss"]
[EventDate "2007.09.28"]

1. e4 c5 2. Nf3 Nc6 3. d4 cxd4 4. Nxd4 g6 5. c4 Bg7 6. Be3 Nf6 7. Nc3 O-O 8.
Be2 d6 9. Qd2 Bd7 10. f3 a6 11. O-O-O Qc7 12. Kb1 Rfc8 13. Rc1 Qa5 14. g4 b5
15. Nb3 Qd8 16. cxb5 axb5 17. Nxb5 Ne5 18. Rxc8 Qxc8 19. Rc1 Qa6 20. Nc3 Nc4
21. Qd3 Rc8 22. Nd2 Nxd2+ 23. Qxd2 Qb7 24. Bd4 Rb8 25. g5 Nh5 26. Bxg7 Nxg7 27.
b3 Ne6 28. Nd5 Ba4 29. Bc4 Nc5 30. Rc2 Bc6 31. Qa5 Ra8 32. Qc3 Rc8 33. Nb4 Bd7
34. Bd5 Qb6 35. Qd2 e6 36. Bc4 Qa5 37. Nd3 Qb6 38. Nxc5 Rxc5 39. h4 Ba4 40. Rb2
Bb5 41. Bxb5 Qxb5 42. Rc2 Qf1+ 43. Kb2 Rxc2+ 44. Qxc2 Qxf3 45. a4 Qf4 46. a5
Qe5+ 47. Qc3 Qxe4 48. Qc8+ Kg7 49. a6 e5 50. Qb7 Qd4+ 51. Ka3 Qa1+ 52. Kb4 Qd4+
53. Ka5 e4 54. a7 Qc5+ 55. Ka4 Qd4+ 56. b4 Qd1+ 57. Ka5 Qa1+ 58. Kb5 Qe5+ 59.
Kc6 Qe8+ 60. Kb6 1-0

[Event "DLM 2007"]
[Site "Verden/Aller GER"]
[Date "2007.10.02"]
[Round "6"]
[White "Sonnhalter, Stella"]
[Black "Schreiber, Kevin"]
[Result "1/2-1/2"]
[Termination "normal"]
[Board "5.7"]
[WhiteElo "1462"]
[BlackElo "1272"]
[WhiteTeam "Saarland"]
[BlackTeam "Mecklenburg-Vorpommern"]
[PlyCount "88"]
[WhiteFideId "4624815"]
[BlackFideId "24655830"]
[EventCountry "GER"]
[EventRounds "7"]
[EventType "team-swiss"]
[EventDate "2007.09.28"]

1. e4 d5 2. exd5 Qxd5 3. Nc3 Qd6 4. Bc4 Nf6 5. d4 c6 6. Nge2 Bf5 7. Bf4 Qb4 8.
Bb3 e6 9. Ng3 Bg6 10. O-O Bd6 11. Be5 Bxe5 12. dxe5 Nd5 13. Nxd5 cxd5 14. f4
O-O 15. c3 Qb6+ 16. Kh1 Nd7 17. Qf3 Rac8 18. Rae1 Nc5 19. Qd1 Ne4 20. Nxe4 Bxe4
21. Re2 Rfd8 22. Bc2 Bxc2 23. Rxc2 d4 24. c4 Rd7 25. Rf3 Qb4 26. b3 d3 27. Rd2
Rcd8 28. h3 Qc3 29. Kh2 h6 30. Qe1 Kf8 31. f5 Re8 32. f6 g5 33. Qe4 Kg8 34.
Rdxd3 Rxd3 35. Rxd3 Qb4 36. Rd7 Rb8 37. Qd4 Qa5 38. b4 Qxa2 39. Qd6 Rc8 40. Qe7
Rf8 41. Rxb7 Qxc4 42. Qc5 Qxc5 43. bxc5 Rc8 44. Rb5 Kf8 1/2-1/2

[Event "DLM 2007"]
[Site "Verden/Aller GER"]
[Date "2007.10.02"]
[Round "6"]
[White "Richter, Jannina"]
[Black "Freis, Katrin"]
[Result "1/2-1/2"]
[Termination "normal"]
[Board "5.8"]
[WhiteElo "1158"]
[BlackElo "1047"]
[WhiteTeam "Mecklenburg-Vorpommern"]
[BlackTeam "Saarland"]
[PlyCount "32"]
[BlackFideId "24655783"]
[EventCountry "GER"]
[EventRounds "7"]
[EventType "team-swiss"]
[EventDate "2007.09.28"]

1. e4 e5 2. Bc4 Nf6 3. d3 h6 4. Nc3 Bc5 5. Nge2 Nc6 6. O-O d6 7. Be3 Bb6 8. Qd2
Be6 9. Bb3 O-O 10. Ng3 Qd7 11. Rad1 Rad8 12. Bxb6 axb6 13. Bxe6 fxe6 14. a3 Rf7
15. h3 Rdf8 16. Qe3 Nd4 1/2-1/2